World Capitals Without the Letter O - Statistics

General Stats
  • This quiz has been taken 543 times
    531 since last reset
  • The average score is 96 of 114
Answer Stats
Answer % Correct
Brasilia
95%
Berlin
94%
Madrid
94%
Amsterdam
93%
Athens
93%
Helsinki
93%
Canberra
92%
Lima
92%
Reykjavik
92%
Vaduz
92%
Bucharest
91%
Jakarta
91%
Jerusalem
91%
Paris
91%
Ankara
90%
Beijing
90%
Brussels
90%
New Delhi
90%
Panama City
90%
Riga
90%
Tehran
90%
Vatican City
90%
Warsaw
90%
Zagreb
90%
Abu Dhabi
89%
Amman
89%
Astana
89%
Baghdad
89%
Beirut
89%
Bratislava
89%
Budapest
89%
Abuja
88%
Bern
88%
Dublin
88%
Kathmandu
88%
Minsk
88%
Rabat
88%
Vilnius
88%
Yerevan
88%
Baku
87%
Belgrade
87%
Valletta
87%
Vienna
87%
Accra
86%
Algiers
86%
Brazzaville
86%
Chisinau
86%
Guatemala City
86%
Havana
86%
Islamabad
86%
Kuwait City
86%
Manama
86%
Tunis
86%
Addis Ababa
85%
Damascus
85%
Dhaka
85%
Dili
85%
Kabul
85%
Kigali
85%
Kinshasa
85%
Tallinn
85%
Tashkent
85%
Ashgabat
84%
Caracas
84%
Juba
84%
Kiev
84%
Riyadh
84%
Sana'a
84%
Luanda
83%
Muscat
83%
Bishkek
82%
Dushanbe
82%
Lusaka
82%
Pristina
82%
Tbilisi
82%
Tirana
82%
Ljubljana
81%
Male
81%
Manila
81%
Asmara
80%
Dakar
80%
Kampala
80%
Kuala Lumpur
80%
La Paz
80%
Prague
80%
Praia
80%
Vientiane
80%
Yaren
80%
Apia
79%
Nassau
79%
Basseterre
78%
Castries
78%
Managua
78%
Maseru
78%
Bangui
77%
Banjul
77%
Thimphu
77%
Bandar Seri Begawan
76%
Libreville
76%
Tegucigalpa
76%
Funafuti
75%
Suva
75%
Harare
74%
Mbabane
74%
Ngerulmud
74%
Sucre
74%
Bissau
73%
Gitega
73%
Taipei
73%
N'Djamena
72%
Ulaanbaatar
72%
Naypyidaw
70%
Palikir
69%
Niamey
68%
No matching quizzes found
Score Distribution
Percent of People with Each Score
Percentile by Number Answered
Your Score History
You have not taken this quiz since the last reset